Problems of Stimulating Demand and Supply in the Education System: Marketing Aspect

Na minha lista:
Detalhes bibliográficos
Autor principal: Artyukhova, Nadiia
Outros Autores: Rehák, Róbert, 1984-
Formato: Capítulo de Livro
Idioma:inglês
Assuntos:
Tags: Adicionar Tag
Sem tags, seja o primeiro a adicionar uma tag!

MARC

LEADER 00000naa$a2200000$$$4500
001 0298721
005 20240502084009.2
041 0 |a eng 
044 |a TR 
245 1 0 |a Problems of Stimulating Demand and Supply in the Education System: Marketing Aspect  |c Nadiia Artyukhova, Róbert Rehák 
500 |a Abstrakt 
610 2 0 |a dopyt 
610 2 0 |a ponuka 
610 2 0 |a vzdelávanie 
610 2 0 |a marketing 
100 1 |a Artyukhova, Nadiia 
700 1 |a Rehák, Róbert, 1984-